Χρηματιστηριακές Επενδύσεις / Ανάπτυξη και Εφαρμογή Επενδυτικής Στρατηγικής στο Χρηματιστήριο (Record no. 3684)
[ view plain ]
| 000 -LEADER | |
|---|---|
| fixed length control field | 02180cam a22001934a 4500 |
| 005 - ΗΜΕΡΟΜΗΝΙΑ ΚΑΙ ΩΡΑ ΤΕΛΕΥΤΑΙΑΣ ΕΝΗΜΕΡΩΣΗΣ | |
| Πεδίο ελέγχου | 20250605164122.0 |
| 008 - FIXED-LENGTH DATA ELEMENTS--GENERAL INFORMATION | |
| Πεδίο ελέγχου σταθερού μήκους | 250528s ||||||||||||||||||||||||d |
| 035 ## - SYSTEM CONTROL NUMBER | |
| System control number | 18321 |
| 020 ## - ISBN | |
| ISBN | 9603512567 |
| 040 ## - ΠΗΓΗ ΚΑΤΑΛΟΓΟΓΡΑΦΗΣΗΣ | |
| Φορέας πρωτότυπης καταλογογράφησης | MC Athens Campus Library |
| Γλώσσα καταλογογράφησης | Ελληνικά, Μοντέρνα (1453-) |
| Modifying agency | MC Athens Campus Library |
| Κανόνες περιγραφικής καταλογογράφησης | AACR2 |
| 245 1# - ΤΙΤΛΟΣ ΚΑΙ ΔΗΛΩΣΗ ΥΠΕΥΘΥΝΟΤΗΤΑΣ | |
| Τίτλος | Χρηματιστηριακές Επενδύσεις / Ανάπτυξη και Εφαρμογή Επενδυτικής Στρατηγικής στο Χρηματιστήριο |
| 260 ## - PUBLICATION, DISTRIBUTION, ETC. | |
| Name of publisher, distributor, etc. | Σταμούλης, |
| Date of publication, distribution, etc. | 1999 |
| 300 ## - PHYSICAL DESCRIPTION | |
| Extent | 288 |
| 520 ## - SUMMARY, ETC. | |
| Summary, etc. | Απαραίτητο βιβλίο για κάθε σκεπτόμενο επενδυτή. Πρόλογος, Επενδυτικές Αρχές, Πώς Γίνεται η Επιλογή των Μετοχών, Σύγκριση Μετοχικών Αξιών, Ο Επενδυτικός Κίνδυνος, Πώς Γίνεται η Ανάλυση των Χρηματοοικονομικών Καταστάσεων, Αγορές Κεφαλαίων και Χρήματος, Μετοχές, Ομόλογα, Χρηματιστηριακές Συναλλαγές, Οι Αξίες των Μετοχών, Αύξηση Μετοχικού Κεφαλαίου, Πότε θα Πρέπει οι Επενδυτές να Συμμετέχουν σε μια Αύξηση Μετοχικού Κεφαλαίου, Εισαγωγή Εταιριών στο Χρηματιστήριο, Διαχείριση Ιδιωτικού Μετοχικού Χαρτοφυλακίου με Τεχνική Ανάλυση, Χρηματιστιριακός Δείκτης, Τι Συμβαίνει με τις Συγχωνεύσεις και τις Εξαγορές, Κερδοσκοπία και Κερδοσκοπική Στρατηγική και Αντιμετώπιση, Πώς θα Επενδύσετε σε Ξένα Χρηματιστήρια, Αμοιβαία Κεφάλαια, Χρηματιστηριακά Παράγωγα Future και Options, Οι Νόμοι και οι Κανονισμοί που Ρυθμίζουν τη Λειτουργία του Χρηματιστηρίου. |
| 700 1# - ΠΡΟΣΘΕΤΗ ΑΝΑΓΡΑΦΗ--ΦΥΣΙΚΟ ΠΡΟΣΩΠΟ | |
| Personal name | Θεοδωρόπουλος Θεόδωρος |
| 9 (RLIN) | 4596 |
| 942 ## - ADDED ENTRY ELEMENTS (KOHA) | |
| Koha item type | Books |
| Τύπος τεκμηρίου | Βιβλιοθήκη | Τρέχουσα τοποθεσία | Barcode | Αριθμός εισαγωγής | Ημερομηνία απόκτησης | Ταξιθετικό σύμβολο | Αριθμός αντιτύπου | Κατάσταση απόσυρσης | Κατάσταση χαμένου | Κατάσταση κατεστραμμένου | Μη δανεισμός | Σύνολο δανεισμών | Ημερομηνία τελευταίας εμφάνισης | Η τιμή ισχύει από |
|---|---|---|---|---|---|---|---|---|---|---|---|---|---|---|
| Books | MC Athens Campus Library | MC Athens Campus Library | 9780000036834 | 2933 | 05/06/2025 | 332.642 THE | 1 | 05/06/2025 | 05/06/2025 |